Hornbill and dragon : arts and culture of Borneo
| Main Author: | |
|---|---|
| Format: | Book |
| Published: |
Singapore :
Sun Tree Publishing ,
1989
|
| Subjects: |
MARC
| LEADER | 00000cam a2200000 7i4500 | ||
|---|---|---|---|
| 001 | 0000002109 | ||
| 002 | 000002303 | ||
| 005 | 20000330.0 | ||
| 020 | |a 9810027133 | ||
| 090 | 0 | 0 | |a M 390.95983 |b SEL |
| 100 | 1 | |a Sellato, Bernard | |
| 245 | 1 | 0 | |a Hornbill and dragon : |b arts and culture of Borneo |c Bernard Sellato |
| 260 | |a Singapore : |b Sun Tree Publishing , |c 1989 | ||
| 300 | |a p.v. : |b ill. ; |c 31cm. | ||
| 650 | 0 | 0 | |a Borneo |x Social life and customs |
| 999 | |a 028200 |b BUKU |c RUJUKAN |e PERPUSTAKAAN KOMUNITI PETALING JAYA | ||